[Event "Mezinarodni sachovy festival PLZEN 2024 – CALLIDITAS OPEN"]
[Site "Hotel Lions Plzen"]
[Date "2024.09.09"]
[Round "1.1"]
[White "Macho, Miloslav"]
[Black "Vilimek, Vit"]
[Result "0-1"]
[WhiteElo "1846"]
[BlackElo "2203"]
[PlyCount "104"]
[EventDate "2024.09.09"]

1. Nf3 Nf6 2. c4 g6 3. Nc3 Bg7 4. g3 c6 5. Bg2 O-O 6. O-O d6 7. d4 Qa5 8. Bd2 Qh5 9. Re1 Bh3 10. Qb3 b6 11. Rac1 Ng4 12. e3 Nd7 13. Ne4 h6 14. Bc3 Kh8 15. Ned2 e5 16. Qa4 exd4 17. exd4 b5 18. cxb5 cxb5 19. Qb3 Bxg2 20. Kxg2 Nb6 21. Ne4 Rad8 22. h3 Nf6 23. Ba5 Nxe4 24. Rxe4 Qf5 25. Rf4 Qd7 26. Bxb6 axb6 27. Qd5 f5 28. Ng1 Rc8 29. Re1 Rfe8 30. Rxe8+ Rxe8 31. Rf3 Qe6 32. Qxe6 Rxe6 33. Rd3 Re4 34. Nf3 g5 35. Rb3 g4 36. Nh4 gxh3+ 37. Kxh3 Bxd4 38. Nxf5 Bc5 39. Nxh6 b4 40. Ng4 Re2 41. Kg2 d5 42. Kf3 Rd2 43. Ne3 Kg7 44. Kg4 Kf6 45. f4 Ke6 46. Nf5 d4 47. Ng7+ Kd5 48. f5 Kc4 49. f6 d3 50. Ne6 Rf2 51. Nxc5 bxc5 52. Kg5 d2 0-1

[Event "Mezinarodni sachovy festival PLZEN 2024 – CALLIDITAS OPEN"]
[Site "Hotel Lions Plzen"]
[Date "2024.09.09"]
[Round "1.3"]
[White "Skoda, Jiri"]
[Black "Toman, Jan"]
[Result "0-1"]
[WhiteElo "1837"]
[BlackElo "1977"]
[PlyCount "70"]
[EventDate "2024.09.09"]

{[%evp 0,38,16,6,6,14,10,14,8,14,29,-17,-26,-46,-21,-23,6,0,23,17,6,5,3,-16,-32,-39,-44,-51,29,20,45,31,23,28,49,-4,-11,-10,-11,-48,-4]} 1. e4 e5 2. Nf3 Nc6 3. Bc4 Nf6 4. d3 Be7 5. c3 O-O 6. Bb3 d6 7. h3 Kh8 8. Bg5 Ng8 9. Bxe7 Qxe7 10. Nbd2 f5 11. Bxg8 Kxg8 12. Qe2 Bd7 13. O-O f4 14. d4 Kh8 15. Qc4 b5 16. Qd3 g5 17. dxe5 Nxe5 18. Nxe5 dxe5 19. f3 Rad8 20. Qe2 Rf6 21. Kf2 Qc5+ 22. Ke1 b4 23. c4 Ba4 24. b3 Rfd6 25. bxa4 Rxd2 26. Qxd2 Rxd2 27. Kxd2 Qd4+ 28. Kc2 Qxc4+ 29. Kb2 Qc3+ 30. Kb1 c5 31. Rc1 Qd3+ 32. Kb2 c4 33. Rab1 Qd4+ 34. Kc2 Qf2+ 35. Kd1 c3 0-1

[Event "Mezinarodni sachovy festival PLZEN 2024 – CALLIDITAS OPEN"]
[Site "Hotel Lions Plzen"]
[Date "2024.09.09"]
[Round "1.4"]
[White "Novotny, David"]
[Black "Roubik, Vit"]
[Result "1-0"]
[WhiteElo "1967"]
[BlackElo "1824"]
[PlyCount "81"]
[EventDate "2024.09.09"]

{[%evp 0,27,25,31,45,40,40,29,22,7,92,54,39,39,63,55,40,51,47,10,78,42,108,33,30,23,23,47,54,54]} 1. e4 c5 2. Nf3 Nc6 3. d4 cxd4 4. Nxd4 g6 5. Nc3 Bg7 6. Be3 Nf6 7. Nxc6 bxc6 8. e5 Ng8 9. Bd4 c5 10. Bxc5 Bxe5 11. Bd4 Bxd4 12. Qxd4 Nf6 13. Ne4 Qa5+ 14. b4 Qb6 15. Nxf6+ Qxf6 16. Qxf6 exf6 17. O-O-O O-O 18. Rd6 Re8 19. Bc4 Re7 20. Rhd1 Rb8 21. R1d4 Kg7 22. b5 Kf8 23. a4 Ke8 24. Rxf6 Bb7 25. f3 Rc8 26. Kd2 d5 27. Bxd5 Bxd5 28. Rxd5 Rec7 29. Re5+ Kf8 30. Rc6 Rxc6 31. bxc6 Rxc6 32. Kd3 Rd6+ 33. Kc3 Rc6+ 34. Kb3 Rb6+ 35. Rb5 Ke7 36. Rxb6 axb6 37. Kb4 Kd6 38. Kb5 Kc7 39. c4 f5 40. c5 bxc5 41. Kxc5 1-0

[Event "Mezinarodni sachovy festival PLZEN 2024 – CALLIDITAS OPEN"]
[Site "Hotel Lions Plzen"]
[Date "2024.09.09"]
[Round "1.5"]
[White "Koper, Stefan"]
[Black "Hrdlica, Pavel"]
[Result "0-1"]
[WhiteElo "1797"]
[BlackElo "1949"]
[PlyCount "136"]
[EventDate "2024.09.09"]

{[%evp 0,41,19,31,43,-4,44,25,45,34,35,39,33,18,27,32,58,36,60,42,42,33,33,25,69,72,72,74,91,82,95,94,85,51,58,55,53,53,53,52,59,30,51,33]} 1. d4 d5 2. c4 c6 3. Nc3 Nf6 4. cxd5 cxd5 5. Nf3 Nc6 6. Bf4 e6 7. e3 Nh5 8. Bg5 Be7 9. Bxe7 Qxe7 10. Bb5 Bd7 11. Bxc6 bxc6 12. O-O O-O 13. Na4 Rfb8 14. Ne5 Nf6 15. b3 Ne4 16. Nxd7 Qxd7 17. Rc1 Rc8 18. f3 Nd6 19. Nc5 Qe7 20. f4 Nb7 21. Nxb7 Qxb7 22. Rc5 f5 23. Qc2 Rc7 24. Rc1 Rac8 25. a3 Kf8 26. b4 a6 27. Ra5 Ke8 28. Qe2 Ra8 29. Qh5+ g6 30. Qh4 Rf7 31. Qe1 Kd7 32. Rac5 Rc8 33. Qd1 Kd6 34. Qa4 Rfc7 35. Kf2 h6 36. Ra5 Ra8 37. Qd1 Rg7 38. Rac5 Rc8 39. Qf3 h5 40. Qh3 Ke7 41. Qh4+ Kf7 42. Kf3 Rgg8 43. Qg5 Rc7 44. h3 Rh8 45. Qh4 Kg7 46. Qe1 Rb8 47. g4 Rh8 48. gxf5 exf5 49. Qc3 Rhc8 50. Qc2 Kh6 51. Qg2 Re8 52. Qg5+ Kg7 53. Rg1 Re6 54. Qxf5 Rce7 55. Kf2 Rf6 56. Qc2 Qd7 57. Rg3 Qe6 58. Rc3 Rxf4+ 59. Kg2 Rf6 60. Qd3 Ref7 61. Rc2 h4 62. Rg4 Rf3 63. Kh2 Rxe3 64. Qd1 Rff3 65. Rxh4 Rxh3+ 66. Rxh3 Qxh3+ 67. Kg1 Rg3+ 68. Kf2 Qh2+ 0-1

[Event "Mezinarodni sachovy festival PLZEN 2024 – CALLIDITAS OPEN"]
[Site "Hotel Lions Plzen"]
[Date "2024.09.09"]
[Round "1.6"]
[White "Seterle, Matej"]
[Black "Krivka, Jan"]
[Result "1/2-1/2"]
[WhiteElo "1930"]
[BlackElo "1774"]
[PlyCount "61"]
[EventDate "2024.09.09"]

{[%evp 0,45,25,-28,-11,-31,-25,-67,-70,-70,-43,-42,-42,-37,-34,-43,-36,-37,-29,-11,32,14,14,14,14,4,19,4,4,5,0,0,32,19,40,51,63,60,48,46,67,53,57,19,59,-13,39,12]} 1. d3 d5 2. c3 Nf6 3. Qc2 e5 4. e4 h6 5. Nf3 Nc6 6. Nbd2 Bd6 7. Be2 O-O 8. O-O Be6 9. b4 d4 10. a3 a5 11. b5 dxc3 12. bxc6 cxd2 13. Bxd2 bxc6 14. Qxc6 Qe7 15. a4 Bg4 16. h3 Bxf3 17. Bxf3 Nd7 18. Rfb1 Nc5 19. Be2 Kh7 20. Qb5 Ne6 21. Bd1 Nd4 22. Qd5 Bc5 23. Be3 Rfd8 24. Qc4 Ne6 25. Bxc5 Nxc5 26. Be2 Rd4 27. Qb5 Qd6 28. Rd1 Rb4 29. d4 Rxb5 30. dxc5 Qxc5 31. Bxb5 1/2-1/2

[Event "Mezinarodni sachovy festival PLZEN 2024 – CALLIDITAS OPEN"]
[Site "Hotel Lions Plzen"]
[Date "2024.09.09"]
[Round "1.7"]
[White "Holecek, Jan"]
[Black "Krivka, Matej"]
[Result "0-1"]
[WhiteElo "1744"]
[BlackElo "1917"]
[PlyCount "56"]
[EventDate "2024.09.09"]

{[%evp 0,38,29,-10,3,-18,37,31,42,37,35,31,32,23,42,40,50,13,13,0,-4,-3,0,-9,-14,-32,22,-3,44,72,51,0,-16,-10,-3,-1,5,25,23,-213,-49]} 1. c4 Nf6 2. Nc3 g6 3. e4 d6 4. d4 Bg7 5. Nf3 O-O 6. Be2 Nbd7 7. O-O e5 8. d5 Nc5 9. Nd2 a5 10. b3 Ne8 11. Qc2 f5 12. Bb2 f4 13. a3 g5 14. b4 Na6 15. bxa5 g4 16. f3 g3 17. h3 Qh4 18. Nb3 Rf6 19. c5 Bxh3 20. gxh3 g2 21. Bxa6 gxf1=Q+ 22. Bxf1 Rg6+ 23. Kh1 Nf6 24. Nd1 Nh5 25. Nf2 Ng3+ 26. Kh2 Nxf1+ 27. Rxf1 Qg3+ 28. Kh1 Qg2# 0-1

[Event "Mezinarodni sachovy festival PLZEN 2024 – CALLIDITAS OPEN"]
[Site "Hotel Lions Plzen"]
[Date "2024.09.09"]
[Round "1.8"]
[White "Hodan, Jiri"]
[Black "Jezek, Jakub"]
[Result "1-0"]
[WhiteElo "1903"]
[BlackElo "1743"]
[PlyCount "48"]
[EventDate "2024.09.09"]

{[%evp 0,20,19,30,37,63,90,23,52,52,133,122,449,481,734,734,734,734,736,714,667,705,765]} 1. e4 c5 2. Nf3 d6 3. c3 Nc6 4. d4 Bg4 5. d5 Ne5 6. Nxe5 Bxd1 7. Bb5+ Qd7 8. Bxd7+ Kd8 9. Nxf7+ Kxd7 10. Kxd1 Nf6 11. Nxh8 Nxe4 12. Re1 Nxf2+ 13. Ke2 Ng4 14. Nf7 h6 15. Kf3 Nf6 16. Nh8 g5 17. Ng6 Nxd5 18. Nxf8+ Rxf8+ 19. Ke2 e5 20. Rf1 Re8 21. Rf7+ Kc6 22. g3 e4 23. Be3 Nb6 24. Nd2 Kd5 1-0

[Event "Mezinarodni sachovy festival PLZEN 2024 – CALLIDITAS OPEN"]
[Site "Hotel Lions Plzen"]
[Date "2024.09.09"]
[Round "1.9"]
[White "Stepanek, Vit"]
[Black "Vlk, Miloslav"]
[Result "0-1"]
[WhiteElo "1725"]
[BlackElo "1873"]
[PlyCount "84"]
[EventDate "2024.09.09"]

{[%evp 0,84,19,34,32,27,27,18,30,8,-2,6,22,-13,-6,-4,-13,-18,-1,-37,-7,-9,4,-6,3,-2,32,6,16,48,19,37,39,21,22,20,38,9,24,-29,-28,-51,-38,-37,-26,-65,-45,-43,-13,-35,-6,-48,-47,-48,-62,-69,-50,-53,0,0,0,0,0,-18,0,0,0,-53,-32,-13,-34,-56,8,-15,-19,-64,-75,-580,-937,-29991,-29992,-29993,-29994,-29995,-29996,-29997,-29998]} 1. d4 d5 2. Bf4 Nf6 3. Nf3 Bf5 4. Nbd2 e6 5. e3 Be7 6. Nb3 O-O 7. Bd3 Ne4 8. O-O Nd7 9. Re1 Bg6 10. Ne5 Nxe5 11. Bxe5 c6 12. c3 f6 13. Bf4 b6 14. f3 Nd6 15. Bxg6 hxg6 16. Qc2 f5 17. a4 g5 18. Be5 Bf6 19. f4 Ne4 20. c4 Bxe5 21. dxe5 Qe7 22. Nd4 Rac8 23. Rad1 c5 24. Nb5 gxf4 25. exf4 d4 26. Rxe4 fxe4 27. Qxe4 Rcd8 28. Nd6 Rxd6 29. exd6 Qxd6 30. g3 Qd7 31. b3 Rf6 32. Re1 Qc8 33. g4 Qd7 34. g5 Rf5 35. g6 Rf6 36. h4 Qd6 37. Qa8+ Rf8 38. Qxa7 Qxf4 39. Qd7 Qf2+ 40. Kh1 Qxe1+ 41. Kh2 Qxh4+ 42. Kg1 Qg3+ 0-1

[Event "Mezinarodni sachovy festival PLZEN 2024 – CALLIDITAS OPEN"]
[Site "Hotel Lions Plzen"]
[Date "2024.09.09"]
[Round "1.10"]
[White "Silhanek, Martin"]
[Black "Brotanek, Tomas"]
[Result "1/2-1/2"]
[WhiteElo "1863"]
[BlackElo "1710"]
[PlyCount "96"]
[EventDate "2024.09.09"]

{[%evp 0,71,19,32,13,-21,24,-34,34,-36,31,-32,-32,-32,-24,-23,-9,-5,5,5,-1,12,-1,-29,-23,3,8,-38,-32,-24,-9,-24,-8,6,23,-45,-42,-10,-4,-115,-111,-124,-80,-70,-79,-79,-83,-73,-77,-130,-119,-267,-267,-267,-276,-276,-177,-242,-250,-261,-173,-151,-187,-62,-62,-62,-70,-80,-80,-80,-80,-80,-73,-73]} 1. Nf3 d5 2. c4 d4 3. d3 Bg4 4. Qa4+ c6 5. g3 Bxf3 6. exf3 e5 7. Bg2 Nd7 8. O-O Nc5 9. Qc2 Bd6 10. b4 Ne6 11. a3 a5 12. c5 Bc7 13. Bb2 Ne7 14. Nd2 Nd5 15. Qc4 Qg5 16. Ne4 Qg6 17. Kh1 axb4 18. axb4 O-O 19. f4 exf4 20. Bxd4 Nxd4 21. Qxd4 Qf5 22. Rxa8 Rxa8 23. Ra1 Rd8 24. Nd6 Bxd6 25. Bxd5 Be5 26. Bxf7+ Kxf7 27. Qxd8 Bxa1 28. Qc7+ Kg6 29. Qxb7 Qxd3 30. Qxc6+ Bf6 31. Kg2 f3+ 32. Qxf3 Qxf3+ 33. Kxf3 Kf5 34. Ke3 Ke5 35. f4+ Kd5 36. Kd3 Bd4 37. g4 Bf2 38. f5 Be1 39. b5 Kxc5 40. Ke4 Bd2 41. Ke5 Bg5 42. Ke6 h6 43. Kf7 Bf6 44. h4 Kxb5 45. g5 hxg5 46. hxg5 Bxg5 47. Kxg7 Kc6 48. f6 Bxf6+ 1/2-1/2

[Event "Mezinarodni sachovy festival PLZEN 2024 – CALLIDITAS OPEN"]
[Site "Hotel Lions Plzen"]
[Date "2024.09.09"]
[Round "1.11"]
[White "Hodl, Vojtech"]
[Black "Zemen, Jiri"]
[Result "1-0"]
[WhiteElo "1700"]
[BlackElo "1861"]
[PlyCount "37"]
[EventDate "2024.09.09"]

{[%evp 0,37,16,14,40,40,48,41,64,58,62,41,56,24,36,0,0,9,15,25,28,34,46,26,39,-3,-9,-5,-4,0,28,19,130,214,219,216,268,258,598,579]} 1. e4 d5 2. exd5 Nf6 3. d4 Qxd5 4. Nf3 Bg4 5. Be2 e6 6. O-O Nc6 7. c4 Qd7 8. Be3 O-O-O 9. Nbd2 Bb4 10. Nb3 h6 11. a3 Be7 12. Qc2 Bf5 13. Bd3 Bxd3 14. Qxd3 Ng4 15. Rad1 e5 16. d5 f5 17. Qc3 Nxe3 18. Qxe3 Nd4 19. Nxe5 1-0

[Event "Mezinarodni sachovy festival PLZEN 2024 – CALLIDITAS OPEN"]
[Site "Hotel Lions Plzen"]
[Date "2024.09.09"]
[Round "1.12"]
[White "Chudek, Lubomir"]
[Black "Trejbal, Jan"]
[Result "1-0"]
[WhiteElo "1856"]
[BlackElo "1666"]
[PlyCount "93"]
[EventDate "2024.09.09"]

{[%evp 0,75,25,5,58,41,82,70,73,31,31,26,46,32,67,67,61,31,39,30,34,44,50,39,21,21,21,16,67,22,0,5,28,-7,-8,-8,82,31,18,7,9,20,14,16,19,0,0,0,6,29,31,28,34,40,41,42,40,42,32,23,29,37,43,28,48,45,49,49,60,57,54,57,97,91,91,98,106,95]} 1. e4 c5 2. Nf3 d6 3. d4 cxd4 4. Nxd4 Nf6 5. Nc3 a6 6. Be2 e6 7. O-O Be7 8. Kh1 O-O 9. f4 Nc6 10. Be3 Qc7 11. Qe1 Nxd4 12. Bxd4 b5 13. a3 e5 14. Be3 Bb7 15. Bd3 d5 16. fxe5 Nxe4 17. Bd4 f5 18. exf6 Bxf6 19. Bxf6 Rxf6 20. Rxf6 Nxf6 21. Qe6+ Qf7 22. Re1 Qxe6 23. Rxe6 Re8 24. Rxe8+ Nxe8 25. Kg1 h6 26. Kf2 Kf7 27. Ke3 Ke6 28. Kd4 Kd6 29. g3 Nc7 30. Bf5 Bc6 31. b4 Bb7 32. Nd1 Ne8 33. Ne3 Nf6 34. Bg6 Bc8 35. Bf5 Bb7 36. Bh3 g6 37. Ng4 Nxg4 38. Bxg4 h5 39. Bh3 g5 40. Bf5 h4 41. gxh4 gxh4 42. Bh3 Kc6 43. Ke5 a5 44. Bg2 axb4 45. Bxd5+ Kc5 46. axb4+ Kxb4 47. Bxb7 1-0

[Event "Mezinarodni sachovy festival PLZEN 2024 – CALLIDITAS OPEN"]
[Site "Hotel Lions Plzen"]
[Date "2024.09.09"]
[Round "1.13"]
[White "Macho, Michal"]
[Black "Zdrahal, Vaclav"]
[Result "1/2-1/2"]
[WhiteElo "1622"]
[BlackElo "1854"]
[PlyCount "106"]
[EventDate "2024.09.09"]

{[%evp 0,63,16,2,-12,-15,-18,-44,12,5,48,-21,22,17,2,13,22,4,4,-9,-1,-9,11,-4,-15,-29,-21,-28,-12,-44,6,2,-29,-37,-31,-37,17,-6,-18,-34,54,-41,-39,-77,-12,-14,0,-44,-34,-10,0,-37,-37,-37,-37,-43,37,11,35,-7,3,-31,41,54,53,64]} 1. c4 e5 2. Nc3 Nf6 3. g3 c6 4. Bg2 h6 5. d3 Bc5 6. Nf3 d6 7. O-O O-O 8. Rb1 a5 9. a3 Na6 10. Bd2 Bg4 11. Na4 Ba7 12. b4 axb4 13. axb4 e4 14. Ne1 exd3 15. Nxd3 Re8 16. Nc3 Bd4 17. Re1 Re7 18. h3 Bf5 19. b5 Nc5 20. Nxc5 dxc5 21. bxc6 Bxb1 22. cxb7 Rb8 23. Qxb1 Bxf2+ 24. Kxf2 Qxd2 25. Nd5 Nxd5 26. Bxd5 Qe3+ 27. Kg2 Kh8 28. Qf5 f6 29. Bf3 Qd4 30. Qc2 Qe5 31. Rb1 f5 32. Qc1 Ree8 33. Rb5 Qd4 34. Qc2 Rf8 35. Qd3 Qa1 36. Rxc5 f4 37. gxf4 Qf6 38. Qe4 Qb6 39. Rb5 Qc7 40. Qe5 Qxc4 41. f5 Rfe8 42. Qb2 Qf4 43. Rb6 Qg5+ 44. Kh2 Qf4+ 45. Kg2 Qg5+ 46. Kh1 Qh4 47. Bg4 Re3 48. Rg6 Qe1+ 49. Kh2 Qg3+ 50. Kh1 Qe1+ 51. Kh2 Qg3+ 52. Kh1 Qe1+ 53. Kh2 Qg3+ 1/2-1/2

[Event "Mezinarodni sachovy festival PLZEN 2024 – CALLIDITAS OPEN"]
[Site "Hotel Lions Plzen"]
[Date "2024.09.09"]
[Round "1.14"]
[White "Sladek, Jaroslav"]
[Black "Matejka, Matyas"]
[Result "1-0"]
[WhiteElo "1849"]
[BlackElo "1573"]
[PlyCount "73"]
[EventDate "2024.09.09"]

{[%evp 0,17,27,25,33,24,52,52,52,51,52,60,57,73,57,57,58,57,57,82]} 1. e4 e5 2. Bc4 Bc5 3. d4 exd4 4. Bxf7+ Kxf7 5. Qh5+ g6 6. Qxc5 Qe7 7. Qxd4 Nf6 8. Nc3 Nc6 9. Qd3 d6 10. Bg5 Ne5 11. Qe2 Be6 12. Nf3 Ned7 13. O-O-O h6 14. Bh4 g5 15. Bg3 Rac8 16. Rhe1 Rhe8 17. e5 dxe5 18. Bxe5 Qc5 19. Bd4 Qf5 20. Bxf6 Qxf6 21. Qd3 Rcd8 22. Nd5 Bxd5 23. Qxd5+ Re6 24. Rxe6 Qxe6 25. Ne5+ Ke7 26. Nxd7 Qxd5 27. Rxd5 Rxd7 28. Rxd7+ Kxd7 29. Kd2 Ke6 30. g4 Ke5 31. Ke3 c5 32. c4 a6 33. a4 a5 34. b3 b6 35. h3 Ke6 36. Ke4 Kf6 37. Kd5 1-0

[Event "Mezinarodni sachovy festival PLZEN 2024 – CALLIDITAS OPEN"]
[Site "Hotel Lions Plzen"]
[Date "2024.09.09"]
[Round "1.15"]
[White "Olejnik, Artur"]
[Black "Novotny, Jaromir"]
[Result "1-0"]
[WhiteElo "1703"]
[BlackElo "1785"]
[PlyCount "85"]
[EventDate "2024.09.09"]

{[%evp 0,18,25,26,29,-4,29,11,60,41,122,122,153,153,132,92,63,29,212,216,268]} 1. d4 Nf6 2. c4 e5 3. dxe5 Ne4 4. Nf3 b6 5. Qd5 Bb7 6. Qxb7 Nc6 7. Be3 Bb4+ 8. Nbd2 a6 9. O-O-O Ra7 10. Qxc6 dxc6 11. Nxe4 Qc8 12. c5 O-O 13. a3 Qf5 14. Ng3 Qg4 15. Rd4 Qe6 16. Rxb4 b5 17. Rd4 Raa8 18. Bd2 Rad8 19. e3 Rd5 20. Bb4 Ra8 21. Bd3 a5 22. Bxh7+ Kf8 23. Be4 axb4 24. Bxd5 cxd5 25. Rxb4 c6 26. Rd1 Qe7 27. Rh4 Kg8 28. Rd2 Qxc5+ 29. Rc2 Qb6 30. Nf5 Ra7 31. Rg4 g6 32. e6 Kf8 33. e7+ Rxe7 34. Nxe7 Kxe7 35. b4 Qa6 36. Kb2 Qc8 37. h3 Qf5 38. Nd4 Qf6 39. Rf4 Qg5 40. g3 Qh6 41. Rxc6 Qxh3 42. Rc7+ Kd8 43. Rfxf7 1-0

[Event "Mezinarodni sachovy festival PLZEN 2024 – CALLIDITAS OPEN"]
[Site "Hotel Lions Plzeň"]
[Date "2024.09.10"]
[Round "2.1"]
[White "Vilimek, Vit"]
[Black "Hodan, Jiri"]
[Result "1-0"]
[WhiteElo "2203"]
[BlackElo "1903"]
[PlyCount "123"]
[EventDate "2024.09.09"]

{[%evp 0,32,34,11,44,52,47,6,6,21,34,42,39,25,25,-25,29,14,47,30,30,13,34,22,24,-7,47,44,35,-9,-9,-41,-18,-24,-12]} 1. e4 c5 2. Nf3 e6 3. c3 Nf6 4. e5 Nd5 5. d4 cxd4 6. cxd4 d6 7. a3 a6 8. Bd3 b5 9. Nc3 Bb7 10. O-O Nd7 11. Bg5 Nxc3 12. bxc3 Be7 13. Bxe7 Qxe7 14. a4 dxe5 15. dxe5 bxa4 16. Rxa4 Nc5 17. Rg4 Nxd3 18. Qxd3 Bxf3 19. Qxf3 O-O 20. Qg3 f5 21. Rd4 Rfd8 22. Rd6 Ra7 23. Rfd1 Rc8 24. Qd3 a5 25. f4 a4 26. Ra1 a3 27. c4 a2 28. Qb3 Qc7 29. Rxa2 Rxa2 30. Qxa2 Qxc4 31. Rd8+ Kf7 32. Rd7+ Kf8 33. Qd2 Qc1+ 34. Qxc1 Rxc1+ 35. Kf2 Rc3 36. h3 Rc2+ 37. Kg3 Ra2 38. Rb7 Rc2 39. Rb3 Kf7 40. Rb7+ Kf8 41. Rb3 Kf7 42. Kf3 Rc7 43. g4 g6 44. Kg3 Kg7 45. Rb6 Kf7 46. Kh4 Re7 47. gxf5 gxf5 48. Kg5 Kg7 49. Ra6 h6+ 50. Kh5 Kh7 51. h4 Kg7 52. Ra1 Rc7 53. Rg1+ Kh7 54. Rg6 Re7 55. Rxh6+ Kg8 56. Kg5 Kg7 57. Rg6+ Kf7 58. h5 Re8 59. h6 Rh8 60. Rg7+ Kf8 61. Ra7 Rg8+ 62. Kf6 1-0

[Event "Mezinarodni sachovy festival PLZEN 2024 – CALLIDITAS OPEN"]
[Site "Hotel Lions Plzeň"]
[Date "2024.09.10"]
[Round "2.2"]
[White "Krivka, Matej"]
[Black "Mametev, Artem"]
[Result "0-1"]
[WhiteElo "1917"]
[BlackElo "2155"]
[PlyCount "62"]
[EventDate "2024.09.09"]

{[%evp 0,37,25,19,45,40,62,51,60,30,24,24,24,24,16,8,24,32,29,24,25,35,39,33,28,37,16,16,9,5,5,0,-25,-39,-24,-24,-31,-33,-42,-42]} 1. e4 c5 2. Nc3 d6 3. f4 g6 4. d4 cxd4 5. Qxd4 Nf6 6. e5 Nc6 7. Bb5 dxe5 8. Qxd8+ Kxd8 9. Nf3 exf4 10. Bxf4 a6 11. O-O-O+ Ke8 12. Ne5 Bd7 13. Nxd7 Nxd7 14. Nd5 Rc8 15. Bxc6 Rxc6 16. Nc7+ Kd8 17. Rd3 Rxc7 18. Rhd1 Bh6 19. Bxh6 Kc8 20. Re3 e5 21. Bg7 Re8 22. Rde1 f6 23. g4 Rg8 24. Bh6 g5 25. Rh3 Rc4 26. Rd1 Rd4 27. Rc3+ Kb8 28. Rxd4 exd4 29. Rd3 Rg6 30. Rxd4 Kc7 31. Rc4+ Kd8 0-1

[Event "Mezinarodni sachovy festival PLZEN 2024 – CALLIDITAS OPEN"]
[Site "Hotel Lions Plzeň"]
[Date "2024.09.10"]
[Round "2.3"]
[White "Toman, Jan"]
[Black "Chudek, Lubomir"]
[Result "1-0"]
[WhiteElo "1977"]
[BlackElo "1856"]
[PlyCount "53"]
[EventDate "2024.09.09"]

{[%evp 0,38,25,25,42,4,40,42,52,-42,-38,-66,-4,-4,-9,-4,9,-2,6,0,8,8,29,11,28,25,54,35,99,27,52,52,60,38,41,61,68,30,37,38,32]} 1. e4 c5 2. c3 e5 3. Nf3 Nc6 4. Bd3 Nf6 5. Bc2 d6 6. O-O Be7 7. d3 Bg4 8. Nbd2 O-O 9. Re1 b5 10. Nf1 Bh5 11. Ng3 Bg6 12. Nh4 Re8 13. Qf3 h6 14. Nhf5 Bf8 15. Be3 Rc8 16. h3 d5 17. exd5 Nxd5 18. Bb3 Nce7 19. Nxe7+ Nxe7 20. Ne4 Nf5 21. Bxf7+ Kxf7 22. g4 Qd7 23. Ng3 Qxd3 24. gxf5 Bh7 25. Rad1 Qc4 26. b3 Qh4 27. Qd5+ 1-0

[Event "Mezinarodni sachovy festival PLZEN 2024 – CALLIDITAS OPEN"]
[Site "Hotel Lions Plzeň"]
[Date "2024.09.10"]
[Round "2.4"]
[White "Vlk, Miloslav"]
[Black "Novotny, David"]
[Result "0-1"]
[WhiteElo "1873"]
[BlackElo "1967"]
[PlyCount "74"]
[EventDate "2024.09.09"]

{[%evp 0,48,30,-6,44,43,45,37,34,56,56,42,48,44,57,60,53,41,41,24,44,20,45,35,18,-24,-9,-20,-12,-20,-4,-47,-6,-3,21,7,54,72,247,119,119,98,98,-115,-115,-115,-115,-86,-108,-109,-139]} 1. c4 f5 2. Nc3 Nf6 3. Nf3 d6 4. d4 e6 5. g3 Be7 6. Bg2 O-O 7. O-O Ne4 8. Qc2 Nxc3 9. bxc3 Nc6 10. Rd1 Qe8 11. e4 e5 12. Ba3 f4 13. c5 Bg4 14. cxd6 cxd6 15. Qd3 Qh5 16. Rf1 Rf6 17. Rab1 Rh6 18. h4 g5 19. dxe5 gxh4 20. exd6 h3 21. Qd5+ Qxd5 22. exd5 hxg2 23. Kxg2 Bh3+ 24. Kg1 Bxf1 25. dxe7 Be2 26. Kg2 Bxf3+ 27. Kxf3 Ne5+ 28. Kxf4 Nc4 29. Rxb7 Nxa3 30. Rd7 Re8 31. Rd8 Kf7 32. d6 Rf6+ 33. Kg5 Rg6+ 34. Kf5 Rgg8 35. d7 Rxd8 36. e8=Q+ Rgxe8 37. dxe8=Q+ Rxe8 0-1

[Event "Mezinarodni sachovy festival PLZEN 2024 – CALLIDITAS OPEN"]
[Site "Hotel Lions Plzeň"]
[Date "2024.09.10"]
[Round "2.5"]
[White "Hrdlica, Pavel"]
[Black "Olejnik, Artur"]
[Result "1/2-1/2"]
[WhiteElo "1949"]
[BlackElo "1703"]
[PlyCount "73"]
[EventDate "2024.09.09"]

{[%evp 0,73,30,34,27,22,24,6,6,-5,8,8,28,1,14,-7,4,-34,-11,-11,-11,-17,-23,-26,-26,-110,-110,-110,1,-47,-47,-48,-48,-52,-51,-59,-49,-76,-56,-92,-82,-82,-69,-69,-51,-131,-96,-229,-229,-229,-229,-221,-204,-217,-214,-277,-277,-265,-265,-265,-265,-257,-110,-103,-67,-68,0,0,-3,-3,0,0,0,0,0,0]} 1. d4 d5 2. Nf3 Nf6 3. c4 e6 4. g3 Be7 5. Bg2 O-O 6. O-O dxc4 7. Nc3 c5 8. Be3 Nd5 9. Nxd5 exd5 10. dxc5 Na6 11. Ne5 Bf6 12. Nxf7 Rxf7 13. Bxd5 Kf8 14. Bxf7 Qxd1 15. Raxd1 Kxf7 16. Bd4 Bh3 17. Rfe1 Rc8 18. f3 Be6 19. e4 Bxd4+ 20. Rxd4 Nxc5 21. f4 Nd3 22. Re2 Bg4 23. Rc2 Ne1 24. Rc3 Nf3+ 25. Rxf3 Bxf3 26. Kf2 Bg4 27. f5 c3 28. bxc3 Rxc3 29. Rd7+ Kf6 30. Rxb7 Rc2+ 31. Ke3 Rxa2 32. Kf4 Bxf5 33. exf5 Ra4+ 34. Kf3 h5 35. h3 Ra3+ 36. Kf4 Ra4+ 37. Kf3 1/2-1/2

[Event "Mezinarodni sachovy festival PLZEN 2024 – CALLIDITAS OPEN"]
[Site "Hotel Lions Plzeň"]
[Date "2024.09.10"]
[Round "2.6"]
[White "Zdrahal, Vaclav"]
[Black "Hodl, Vojtech"]
[Result "0-1"]
[WhiteElo "1854"]
[BlackElo "1700"]
[PlyCount "98"]
[EventDate "2024.09.09"]

{[%evp 0,33,30,33,65,75,60,47,46,40,47,31,29,24,36,-24,-23,-21,-37,-23,-37,-59,-48,-87,-82,-78,-70,-88,-83,-80,-76,-101,-100,-88,-80,-99]} 1. e4 c6 2. d4 d5 3. exd5 cxd5 4. Nf3 Nc6 5. Nc3 Nf6 6. Bb5 a6 7. Ba4 b5 8. Bb3 Bg4 9. h3 Bxf3 10. gxf3 e6 11. Bg5 h6 12. Bh4 Be7 13. Rg1 Nh5 14. Bg3 Bb4 15. a3 Bxc3+ 16. bxc3 Qg5 17. Qd2 Qxd2+ 18. Kxd2 Kd7 19. Rae1 g5 20. a4 f5 21. Be5 Nxe5 22. Rxe5 Nf4 23. Rh1 Ke7 24. Rhe1 Kf6 25. Rh1 Rac8 26. Rhe1 Ng2 27. R5e2 Nh4 28. Re3 f4 29. Rd3 Rc7 30. axb5 axb5 31. Ra1 Nf5 32. Ra6 Ke7 33. Rb6 Nd6 34. Ra6 Rhc8 35. Ra1 Kd7 36. Rh1 Ra8 37. Rb1 Rca7 38. Kc1 Nf5 39. Kb2 Kd6 40. Re1 Ra6 41. Re5 Ra1 42. Bxd5 exd5 43. Rxf5 Rh1 44. Rf6+ Ke7 45. Rxh6 Raa1 46. c4 Rhb1+ 47. Kc3 b4+ 48. Kd2 Rd1+ 49. Ke2 Re1+ 0-1

[Event "Mezinarodni sachovy festival PLZEN 2024 – CALLIDITAS OPEN"]
[Site "Hotel Lions Plzeň"]
[Date "2024.09.10"]
[Round "2.7"]
[White "Brotanek, Tomas"]
[Black "Seterle, Matej"]
[Result "0-1"]
[WhiteElo "1710"]
[BlackElo "1930"]
[PlyCount "88"]
[EventDate "2024.09.09"]

{[%evp 0,33,28,19,75,75,75,32,32,-3,53,41,35,49,58,61,48,64,56,45,50,51,70,57,77,31,35,30,51,46,42,57,50,6,23,-11]} 1. d4 d6 2. e4 Nf6 3. f3 c6 4. Bg5 Qa5+ 5. Qd2 Qxd2+ 6. Nxd2 Nbd7 7. Bd3 e5 8. Ne2 Be7 9. c3 h6 10. Bh4 a6 11. a4 c5 12. d5 Nxd5 13. Bxe7 Nxe7 14. Nc4 d5 15. Nd6+ Kf8 16. exd5 Nxd5 17. Be4 N7f6 18. O-O-O Ne3 19. Nxc8 Nxd1 20. Nb6 Nf2 21. Rf1 N2xe4 22. Nxa8 Nd6 23. Rd1 Ke7 24. Nb6 Ke6 25. Re1 Nd5 26. Nxd5 Kxd5 27. Rd1+ Kc6 28. b3 Re8 29. Ng3 g6 30. Re1 f5 31. Kd2 e4 32. f4 Rd8 33. Kc2 Ne8 34. Re3 Nf6 35. Ne2 Ng4 36. Rg3 h5 37. Nc1 Rd6 38. h4 b5 39. a5 c4 40. b4 e3 41. Kb2 Rd2+ 42. Ka3 e2 43. Nxe2 Rxe2 44. Rf3 Re3 0-1